Statistics for Most Populous Countries Bordering Each Other

Click here to take the quiz!

General Stats

  • This quiz has been taken 27,618 times
    (12,099 since last reset)
  • The average score is 20 of 23

Answer Stats

Country % Correct
China
100%
India
99%
Russia
99%
United States
98%
Mexico
97%
Pakistan
97%
Brazil
95%
Canada
95%
Bangladesh
94%
Argentina
93%
France
92%
Germany
92%
Iran
92%
Vietnam
89%
Colombia
89%
Afghanistan
88%
Myanmar
86%
Ukraine
84%
Turkey
83%
D.R. of the Congo
76%
Ethiopia
68%
Kenya
66%
Tanzania
65%

Score Distribution

Percentile by Number Answered

Percent of People with Each Score

Your Score History

You have not taken this quiz since the last reset